000 00285nam a22001337a 4500
020 _aNA
082 _222
_a621.815
100 _aSpotts M.F
245 _aDesign of machne elements /
250 _a4th
260 _aPH,
_bPH
_cc1971
300 _a620 p, ;
_bNA
_c24cm.
942 _2ddc
_cCIVIL
999 _c3440
_d3440